000 02344nam a22002897a 4500
003 DO-SdBNP
005 20210601095748.0
008 210517b 2019 dr 00| 0 spa d
020 _a9789945804393
040 _aBPMSU
_bspa
_cBPMSU
082 _a782.6
_bD159c 2019
_222
100 1 _aLópez Reyes, Oscar ,
245 1 0 _aCasandra Damirón :
_bvida y canto /
_cOscar López Reyes ; prólogo Andrés José Moreta Damirón
250 _a3a. ed
260 _aSanto Domingo :
_bMinisterio de Cultura,
_c2019
300 _a189 p.;
_c22 cm.
_b
500 _aIncluyes datos Bibliográfico del autor en la solapa cubierta
504 _aBibliográfico p. 188 -189.
505 0 _aÍndice -- Prólogo -- A la última ediciones -- Prólogo -- A la primera edición -- Introducción -- capitulo I -- Advenimientos a la vida -- Bayonetas, riquezas y belleza -- Capítulo II -- Carrera Artística -- A los 6 canta en escuela e iglesia -- Un debut de proyecciones exitosas -- La voz de yuna , hacia el estrellato -- Primera temporada fuera de su suelo -- Alborozos y función en Barahona -- El arte plantea unión matrimonial -- Reviste el esplendor bailes típicos -- Albricias! aviva en CMQ, la Habana -- Huellas rutilantes en dos décadas -- Programa de TV, enseñanza y discos -- La chismosa y una orden de ultraje -- Amorosas, consejera y dominicanismo -- capítulo III -- En el ocaso de su vida -- Faenas entre el hogar y las danzas -- Madrugada con soledad paciente ... Final -- Testimonio de figuras en su despedida-- Voces de los diarios dominicanos -- Capítulos IV -- Placas , Copas y pergaminos --* Expresión de reconocimientos y y afectos -- Capítulo V -- Música e identidad nacional -- Estilización de la danza típica -- Capítulo VI -- Protagonista del Siglo XX y herencia -- Sobredimensionada tras su partida -- Herencia biológica satisfacción -- Fotografía-- Citas Bibliográficas --- Consulta a persona y medios .
590 _aInventario, 2021/MC
600 4 _aDamirón, Casandra
_d1919-1983
650 4 _aCantantes
_zRepública Dominicana
_vBiografía
700 1 _aMoreta Damirón, Andrés José
_epról.
710 2 _aMinisterio de Cultura (República Dominicana)
910 _aMcabrera /VMateo
942 _2ddc
_cBK
999 _c13507
_d13507